Science Quiz

Random Science or Letter Quiz

Elements by Consonants Quiz Stats

 Plays Quiz not verified by Sporcle

Also try: Sleepy Creatures
Challenge
Share
Tweet
Embed
Score 0/40 Timer 06:00
0 Plays Today
Letters Element % Correct
NNNeon
94.4%
GNXYOxygen
90.1%
BCNRCarbon
87.3%
CPPRCopper
87.3%
CNZZinc
87.3%
NNXXenon
85.9%
DLLead
85.9%
HLMHelium
84.5%
DGLGold
84.5%
NTTin
84.5%
LRSVSilver
83.1%
CHLNRChlorine
81.7%
CKLNNickel
81.7%
RNIron
80.3%
DNRRadon
80.3%
DGHNRYHydrogen
78.9%
BNRBoron
78.9%
FLNRFluorine
78.9%
KNRPTYKrypton
78.9%
FLRSSulfur
76.1%
Letters Element % Correct
DMSSodium
74.6%
MPSSTPotassium
74.6%
HHPPRSSPhosphorus
74.6%
BCLTCobalt
73.2%
HLMTLithium or Thulium
71.8%
GNRArgon
71.8%
CMRRYMercury
70.4%
BMNRBromine
67.6%
GNNRTNitrogen
64.8%
CLNSSilicon
64.8%
NSTTAstatine
64.8%
BDLMMNYMolybdenum
64.8%
MNNTYAntimony
63.4%
HMSSHassium
62%
MNTTTitanium
62%
BHMSTBismuth
57.7%
DNIodine
54.9%
CNRSArsenic
46.5%
MMSOsmium
43.7%
MNRUranium
35.2%

You're not logged in!

Compare scores with friends on all Sporcle quizzes.
OR
Log In

You Might Also Like...

Show Comments

Extras

Top Quizzes Today


Score Distribution

Your Account Isn't Verified!

In order to create a playlist on Sporcle, you need to verify the email address you used during registration. Go to your Sporcle Settings to finish the process.

Report this User

Report this user for behavior that violates our Community Guidelines.

Details: